| 000 | 01114nam a2200253Ia 4500 | ||
|---|---|---|---|
| 001 | 10497 | ||
| 003 | GE_BSU | ||
| 008 | 181216s||||||||xx |||||||||||||| ||und|| | ||
| 020 | _a9789992895269 | ||
| 040 | _cGE_BSU | ||
| 080 | _a821.353.1–3+821.353.1-31 | ||
| 100 | _aქუთათელი,ალექსანდრე | ||
| 245 | _aქართული პროზა. წიგნი 28.ალექსანდრე ქუთათელი:პირისპირ | ||
| 245 | _bრომანი | ||
| 245 | _cსარედ.კოლ.რ.თვარაძე და სხვ.შემდგ.რედ.ჯ.ღვინჯილია.ვ.ჯავახაძე.მხატვ.დ.დუნდუა,თამაზ შარიფაშვილი | ||
| 260 | _aთბილისი | ||
| 260 | _bსაქართველო | ||
| 260 | _c1997 | ||
| 300 | _a688გვ.20სმ. | ||
| 541 | _h7ლ. | ||
| 653 | _aალექსანდრე ქუთათელი:პირისპირ | ||
| 653 | _aქართული პროზა წიგნი | ||
| 942 | _cBK | ||
| 999 |
_c43752 _d43752 |
||